[Event "Asia-ch Blitz U20"]
[Site "Jamshedpur"]
[Date "2023.09.15"]
[Round "1"]
[White "Jain, Kushagra"]
[Black "Panda, Sambit"]
[Result "0-1"]
[WhiteElo "1589"]
[BlackElo "2250"]
[PlyCount "104"]
[EventDate "2023.09.15"]
[EventType "swiss (blitz)"]
[EventRounds "9"]
[EventCountry "IND"]
[SourceTitle "EXT 2024"]
[Source "ChessBase"]
[SourceDate "2023.10.10"]
[SourceVersion "1"]
[SourceVersionDate "2023.10.10"]
[SourceQuality "1"]

1. Nf3 d5 2. g3 Nc6 3. d4 Bf5 4. Bg2 Nb4 5. Na3 e6 6. 0-0 Nc6 7. Nb1 h6 8. b3 Nf6 9. Bb2 Be7 10. a3 0-0 11. Nbd2 Ne4 12. c4 Bf6 13. Rc1 a5 14. Ne5 Nxd2 15. Qxd2 Ne7 16. Rfd1 c6 17. c5 Qc7 18. h3 Bh7 19. Nf3 Ng6 20. h4 Rfe8 21. h5 Nf8 22. b4 axb4 23. axb4 Be4 24. Ra1 Bxf3 25. Bxf3 e5 26. dxe5 Bxe5 27. Kg2 Ne6 28. Bg4 Bxb2 29. Qxb2 Ng5 30. Rxa8 Rxa8 31. Ra1 Rxa1 32. Qxa1 Qe7 33. Bf5 Ne6 34. Qa8+ Nf8 35. Bd3 Qc7 36. e3 Qe7 37. Kh2 Qd7 38. Kg2 Qe7 39. Kh2 Qc7 40. Kg2 Qd7 41. Kh2 d4 42. e4 Qg4 43. Qxb7 Qf3 44. Qa6 Qxf2+ 45. Kh3 Qf3 46. e5 Qxh5+ 47. Kg2 Qd1 48. Qc4 Qd2+ 49. Kh3 Ne6 50. Bf5 Ng5+ 51. Kg4 Qd1+ 52. Kf4 Qf3# 0-1

[Event "Asia-ch U20"]
[Site "Jamshedpur"]
[Date "2023.09.11"]
[Round "4"]
[White "Jain, Kushagra"]
[Black "Vivaan, Vishal Shah"]
[Result "1/2-1/2"]
[WhiteElo "1731"]
[BlackElo "1954"]
[PlyCount "94"]
[EventDate "2023.09.09"]
[EventType "swiss"]
[EventRounds "9"]
[EventCountry "IND"]
[SourceTitle "EXT 2024"]
[Source "ChessBase"]
[SourceDate "2023.10.10"]
[SourceVersion "1"]
[SourceVersionDate "2023.10.10"]
[SourceQuality "1"]

1. c4 c5 2. Nc3 Nc6 3. g3 g6 4. Bg2 Bg7 5. Nf3 e5 6. 0-0 Nge7 7. d3 0-0 8. Ne1 Rb8 9. Nc2 a6 10. Rb1 b5 11. cxb5 axb5 12. b4 cxb4 13. Nd5 d6 14. Nxe7+ Nxe7 15. Nxb4 Be6 16. Bg5 f6 17. Be3 Rc8 18. a4 bxa4 19. Qxa4 Nf5 20. Bd5 Qe7 21. Qb3 Bxd5 22. Nxd5 Qf7 23. g4 Nxe3 24. Ne7+ Kh8 25. Qxf7 Rxf7 26. Nxc8 Nxf1 27. Nxd6 Rd7 28. Rb8+ Bf8 29. Rxf8+ Kg7 30. Rf7+ Rxf7 31. Nxf7 Nd2 32. Nd6 Nb3 33. Kg2 h5 34. h3 hxg4 35. hxg4 Kf8 36. Kf3 Nd4+ 37. Ke3 Ke7 38. Nc4 Nc2+ 39. Ke4 Ke6 40. f4 f5+ 41. gxf5+ gxf5+ 42. Kf3 exf4 43. Kxf4 Nd4 44. e3 Ne2+ 45. Kf3 Nc1 46. d4 Nb3 47. Ne5 Kd5 1/2-1/2

[Event "IND-ch U15 47th"]
[Site "New Delhi"]
[Date "2022.12.06"]
[Round "11"]
[White "Aakash, G2222"]
[Black "Jain, Kushagra"]
[Result "1/2-1/2"]
[WhiteElo "1830"]
[BlackElo "1601"]
[PlyCount "85"]
[EventDate "2022.11.28"]
[EventType "swiss"]
[EventRounds "11"]
[EventCountry "IND"]
[SourceTitle "EXT 2024"]
[Source "ChessBase"]
[SourceDate "2023.10.10"]
[SourceVersion "1"]
[SourceVersionDate "2023.10.10"]
[SourceQuality "1"]

1. d4 Nf6 2. c4 Nc6 3. Nf3 e6 4. Nc3 Bb4 5. Qc2 d6 6. Bf4 0-0 7. e3 Qe7 8. Bg5 h6 9. Bh4 e5 10. d5 Nd4 11. exd4 exd4+ 12. Be2 dxc3 13. bxc3 Bc5 14. 0-0 g5 15. Bg3 Ne4 16. Bd3 Nxg3 17. Rfe1 Qf6 18. hxg3 Bg4 19. Nh2 Bd7 20. Re4 Rae8 21. Rae1 Rxe4 22. Rxe4 Qd8 23. Qe2 Re8 24. Ng4 Kg7 25. Qf3 Rxe4 26. Bxe4 Bxg4 27. Qxg4 Qf6 28. Qf3 Qxf3 29. Bxf3 Ba3 30. Kf1 Bb2 31. Ke2 Bxc3 32. Be4 Kf6 33. f4 Bd4 34. Bf3 Kf5 35. fxg5 Kxg5 36. g4 Kf4 37. Kd3 Bc5 38. Ke2 Kg3 39. Kf1 f6 40. Ke2 Bb6 41. Kf1 Bc5 42. Ke2 Bb6 43. Kf1 1/2-1/2

[Event "Mumbai Wealth op 6th"]
[Site "Mumbai"]
[Date "2022.01.04"]
[Round "6"]
[White "Jain, Kushagra"]
[Black "Rachit, H Gurnani"]
[Result "0-1"]
[WhiteElo "1468"]
[BlackElo "1840"]
[PlyCount "150"]
[EventDate "2021.12.30"]
[EventType "swiss"]
[EventRounds "9"]
[EventCountry "IND"]
[SourceTitle "EXT 2023"]
[Source "ChessBase"]
[SourceDate "2022.10.05"]
[SourceVersion "1"]
[SourceVersionDate "2022.10.05"]
[SourceQuality "1"]

1. e4 e5 2. Nf3 Nc6 3. Bb5 a6 4. Ba4 Nf6 5. 0-0 Be7 6. Re1 b5 7. Bb3 d6 8. c3 0-0 9. h3 Na5 10. Bc2 c5 11. d4 Qc7 12. Nbd2 Nc6 13. d5 Nd8 14. Nf1 Ne8 15. Be3 g6 16. a4 Rb8 17. axb5 axb5 18. b4 Ng7 19. Qe2 f6 20. Reb1 c4 21. Ra7 Rb7 22. Rba1 f5 23. Rxb7 Bxb7 24. Bh6 f4 25. Ra5 Qd7 26. N3d2 Nf7 27. Bxg7 Kxg7 28. Qg4 Qe8 29. Qd1 Bd8 30. Ra7 Qe7 31. Qe2 Bb6 32. Ra1 h5 33. Nh2 Rh8 34. Bd1 Kf8 35. Qe1 Ke8 36. Be2 Kd8 37. Qd1 Kc8 38. Ndf1 Kb8 39. Ra2 Nh6 40. Rd2 Ng8 41. Ra2 Nf6 42. Bf3 Bc8 43. Qa1 g5 44. Qd1 g4 45. hxg4 hxg4 46. Bxg4 Nxg4 47. Nxg4 Qh4 48. Ngh2 Rg8 49. Qa1 Qh3 50. Ra8+ Kc7 51. Rxc8+ Qxc8 52. Qd1 Qh3 53. Qf3 Qh4 54. g3 Qh3 55. Kh1 Rh8 56. Qg2 Qxg2+ 57. Kxg2 Ra8 58. gxf4 exf4 59. Kf3 Ra3 60. Kxf4 Bxf2 61. e5 dxe5+ 62. Kxe5 Rxc3 63. d6+ Kd8 64. Ng4 Bg1 65. Ke6 Rd3 66. Ne5 Rd1 67. Ng3 c3 68. Ne2 c2 69. Nc1 Bh2 70. Nf7+ Kc8 71. Nb3 Re1+ 72. Kf6 Rb1 73. Nc5 Rf1+ 74. Ke6 Rxf7 75. Kxf7 c1Q 0-1